000 00652nam a2200277Ia 4500
005 20260324133335.0
008 008 260324s9999 xx 000 0 eng d
020 _a9780429234774
037 _aEBOOK
040 _aCRL
040 _beng
040 _cCRL
041 _2eng
041 _aeng
084 _qCRL
100 _aYahia Said; Meghnad Desai
_91192728
245 0 _aGlobal Governance and Financial Crises
260 _bTaylor and Francis
260 _c2003
365 _a
365 _b255
856 _uhttp://www.taylorfrancis.com/books/9780429234774
942 _cEBOOK
999 _c1791662
_d1791662